000 00267nam a2200109Ia 4500
008 220204s9999 xx 000 0 und d
082 _a339.5
_bMEY;1
100 _aMEYER, F V
245 0 _aInternational trade policy
260 _aLondon
_bCroom helm
_c1978
942 _cBK
999 _c32330
_d32330